Drapeau Européen - Statistiques

Statistiques générales
  • Ce quiz a été pris 195 fois
  • Le résultat moyen est 40 sur 45
Statistiques - réponses
Par images Réponse % Correct
Royaume uni
100%
Espagne
99%
France
99%
Portugal
99%
Ukraine
99%
Italie
98%
Allemagne
97%
Pays-bas
97%
Belgique
96%
Grèce
96%
Norvège
96%
Russie
96%
Suède
96%
Suisse
96%
Finlande
95%
Irlande
95%
Pologne
95%
Roumanie
93%
Danemark
92%
Albanie
91%
Croatie
91%
Hongrie
90%
Luxembourg
90%
Autriche
89%
République Tchèque
89%
Estonie
88%
Islande
88%
Macédoine du nord
88%
Monaco
87%
Lettonie
86%
Malte
86%
Slovaquie
84%
Bulgarie
83%
Vatican
83%
Andorre
81%
Slovénie
81%
Biélorussie
80%
Lituanie
80%
Serbie
80%
Bosnie-Herzégovine
78%
Kosovo
77%
Saint-Marin
77%
Moldavie
75%
Liechtenstein
73%
Monténégro
72%
Aucun quiz correspondant
Distribution des résultats
% des personnes avec chaque résultat
Percentile par nombre de réponses
Votre historique - résultats
Vous n’avez pas pris ce quiz